000 01102cab a2200289 4500
001 ABS57318
008 090401t1997 xxu||||| |||| 00| 0 eng d
035 _a(Sirsi) u80019
041 _aeng
245 _aAchieving fair rents
260 _c1997
350 _a0
490 _aCSM (Chartered Surveyor Monthly)
_v6(10) July/August 1997, 38-39(2)
520 _aAdvises on how to guide rent assessment committees into making decisions on fair rents. Referring to the Spath Holme case it considers depreciation, comparable evidence, and calculating services, as well as making applications to the rent officer.
650 _aCOMPARABLE EVIDENCE
650 _aDEPRECIATION
650 _aFAIR RENTS
650 _aRENT ASSESSMENT COMMITTEE
650 _aRENT OFFICERS
650 _aRESIDENTIAL MANAGEMENT
650 _aSCARCITY
650 _aSERVICE CHARGES
650 _aSPATH HOLME LTD V GREATER MANCHESTER AND LANCASHIRE RENT ASSESSMENT COMMITTEE
690 _aPROPERTY-RESIDENTIAL PROPERTY-RESIDENTIAL LANDLORD AND TENANT-RESIDENTIAL TENANCIES
942 _n0
948 _c30/07/1997
999 _c50360
_d50360